000 00952nam a22002777a 4500
003 CO-ViMGA
020 _a9789585496033
040 _aCO-ViMGA
_bspa
_cCO-ViMGA
090 _aN ROM7
100 1 _aRomero, Cristian
_d 1988-
_913171
245 1 0 _aDespués de la ira /
_cCristian Romero
250 _b
260 _aBogotá
_b Penguin Random House
300 _a133 páginas
_b 24 cm.
490 _aPlan Nacional de Lectura y Escritura Leer es mi Cuento / Ministerio de Cultura
500 _aIncluye datos biográficos del autor al final del texto
650 1 4 _aAutores Colombianos
_913172
650 1 4 _aCampesinos - Novela
_913173
650 1 4 _aEmpresas Internacionales - Novela
_913174
650 1 4 _aFamilia - Novela
_910885
650 1 4 _aLiteratura Colombiana
_ySiglo Xx
_98269
650 1 4 _aNovela Colombiana
_ySiglo Xx
_98275
650 1 4 _aPlantas Transgenicas- Novela
_913175
650 1 4 _aProblemas Sociales - Novela
_95571
942 _2ddc
_cBK
999 _c8587
_d8587